000 00433nam a22001697a 4500
003 NUST - PNEC
005 20170116180958.0
008 150912b xxu||||| |||| 00| 0 eng d
020 _a-
040 _cLIBRARY
082 _a621.395 SWA
100 _99346
_aSwartzlander, Earl E.
245 _aApplication specific processors
_cEarl E. Swartzlander
260 _cc.1997
650 _99349
_aMicroprocessors
_xEE
942 _2ddc
_cBK
999 _c66596
_d66596